LEADER 01293nam 2200385 450 001 000006739 005 20110131114800.0 010 $a0-471-86581 100 $a20001220d1984----km-y0itay0103----ba 101 0 $aeng 102 $aUS 200 1 $aSoils in construction$fW. L. Schroeder 205 $a3. ed. 210 $c<> Wiley$aNew York ... [etc.]$dc1984 215 $aXII, 330 p.$cill.$d25 cm. 606 $aMeccanica del suolo 606 $aFondazioni$xIngegneria 676 $a624.1513$v(20. ed.)$9Ingegneria civile. Meccanica delle rocce e del terreno 700 1$aSchroeder,$bWarren Lee$0439874 801 0$aIT$bUniversità della Basilicata - B.I.A.$gRICA$2unimarc 912 $a000006739 996 $aSoils in construction$976080 997 $aUNIBAS BAS $aMONING BAS $aMONOGR BAS $aINGEGNERIA CAT $aVALVANO$b01$c20001220$lBAS01$h1621 CAT $c20050601$lBAS01$h1753 CAT $abatch$b01$c20050718$lBAS01$h1049 CAT $c20050718$lBAS01$h1108 CAT $c20050718$lBAS01$h1138 CAT $c20050718$lBAS01$h1152 CAT $aATR$b40$c20110131$lBAS01$h1148 FMT Z30 -1$lBAS01$LBAS01$mBOOK$1BASA2$APolo Tecnico-Scientifico$2DID$BDidattica$3PTS.s3.p56.9$635331$5I35331$820001220$f04$FPrestabile Didattica LEADER 04736nam 2200817Ia 450 001 9910969955803321 005 20200520144314.0 010 $a9786612531774 010 $a9781680159011 010 $a1680159011 010 $a9781282531772 010 $a1282531778 010 $a9781400835676 010 $a1400835674 024 7 $a10.1515/9781400835676 035 $a(CKB)2520000000006992 035 $a(EBL)485776 035 $a(OCoLC)624618531 035 $a(SSID)ssj0000430867 035 $a(PQKBManifestationID)11317337 035 $a(PQKBTitleCode)TC0000430867 035 $a(PQKBWorkID)10456431 035 $a(PQKB)10901896 035 $a(DE-B1597)446802 035 $a(OCoLC)979593293 035 $a(DE-B1597)9781400835676 035 $a(Au-PeEL)EBL485776 035 $a(CaPaEBR)ebr10372277 035 $a(CaONFJC)MIL253177 035 $a(PPN)265130255 035 $a(FR-PaCSA)88935368 035 $a(MiAaPQ)EBC485776 035 $a(Perlego)734590 035 $a(FRCYB88935368)88935368 035 $a(EXLCZ)992520000000006992 100 $a20080427d2008 uy 0 101 0 $aeng 135 $aur||||||||||| 181 $ctxt 182 $cc 183 $acr 200 10$aWave propagation $efrom electrons to photonic crystals and left-handed materials /$fPeter Markos, Costa M. Soukoulis 205 $aCourse Book 210 $aPrinceton $cPrinceton University Press$d2008 215 $a1 online resource (367 p.) 300 $aDescription based upon print version of record. 311 08$a9780691130033 311 08$a0691130035 320 $aIncludes bibliographical references and index. 327 $t Frontmatter -- $tContents -- $tPreface -- $t1 Transfer Matrix -- $t2 Rectangular Potentials -- $t3 ?-Function Potential -- $t4 Kronig-Penney Model -- $t5 Tight Binding Model -- $t6 Tight Binding Models of Crystals -- $t7 Disordered Models -- $t8 Numerical Solution of the Schrödinger Equation -- $t9 Transmission and Reflection of Plane Electromagnetic Waves on an Interface -- $t10 Transmission and Reflection Coefficients for a Slab -- $t11 Surface Waves -- $t12 Resonant Tunneling through Double-Layer Structures -- $t13 Layered Electromagnetic Medium: Photonic Crystals -- $t14 Effective Parameters -- $t15 Wave Propagation in Nonlinear Structures -- $t16 Left-Handed Materials -- $tAppendix A. Matrix Operations -- $tAppendix B. Summary of Electrodynamics Formulas -- $tBibliography -- $tIndex 330 $aThis textbook offers the first unified treatment of wave propagation in electronic and electromagnetic systems and introduces readers to the essentials of the transfer matrix method, a powerful analytical tool that can be used to model and study an array of problems pertaining to wave propagation in electrons and photons. It is aimed at graduate and advanced undergraduate students in physics, materials science, electrical and computer engineering, and mathematics, and is ideal for researchers in photonic crystals, negative index materials, left-handed materials, plasmonics, nonlinear effects, and optics. Peter Markos and Costas Soukoulis begin by establishing the analogy between wave propagation in electronic systems and electromagnetic media and then show how the transfer matrix can be easily applied to any type of wave propagation, such as electromagnetic, acoustic, and elastic waves. The transfer matrix approach of the tight-binding model allows readers to understand its implementation quickly and all the concepts of solid-state physics are clearly introduced. Markos and Soukoulis then build the discussion of such topics as random systems and localized and delocalized modes around the transfer matrix, bringing remarkable clarity to the subject. Total internal reflection, Brewster angles, evanescent waves, surface waves, and resonant tunneling in left-handed materials are introduced and treated in detail, as are important new developments like photonic crystals, negative index materials, and surface plasmons. Problem sets aid students working through the subject for the first time. 606 $aElectric waves 606 $aElectromagnetic waves$xMathematics 606 $aMatrices 606 $aWave-motion, Theory of 615 0$aElectric waves. 615 0$aElectromagnetic waves$xMathematics. 615 0$aMatrices. 615 0$aWave-motion, Theory of. 676 $a530.14/1 676 $a530.141 676 $a621.38131 700 $aMarkos?$b Peter$01795127 701 $aSoukoulis$b C. M$01795128 801 0$bMiAaPQ 801 1$bMiAaPQ 801 2$bMiAaPQ 906 $aBOOK 912 $a9910969955803321 996 $aWave propagation$94336187 997 $aUNINA